Retrouvez le chanteur, la chanteuse, groupe #1 - Statistiques

Statistiques générales
  • Ce quiz a été pris 1 412 fois
    970 depuis la dernière actualisation
  • Le résultat moyen est 21 sur 44
Statistiques - réponses
Hint Années Titres Chanteur, Chanteuse % Correct
8 2019 Balance ton quoi Angèle
97%
23 2004 Ma philosophie Amel Bent
89%
2 2017 Shape of you Ed Sheeran
89%
16 2008 Poker face Lady Gaga
84%
21 1982 Thriller Michael Jackson
80%
33 2001 Elle me dit Mika
80%
6 2016 Je m'en vais Vianney
75%
36 2018 Basique Orelsan
74%
29 2013 Happy Pharrell Williams
74%
27 2012 Le sens de la vie Tal
74%
4 2014 Shake it off Taylor Swift
73%
1 2019 Angela Hatik
72%
39 2021 La kiffance Naps
72%
42 2008 Toi + Moi Grégoire
66%
32 2007 Je suis un homme Zazie
63%
3 2011 Paradise Coldplay
62%
9 2016 Paname Slimane
60%
22 2019 À l'ammoniaque PNL
56%
14 2019 Les planètes M Pokora
52%
11 2020 Bim bam toi Carla
48%
31 2013 Story on my life One Direction
42%
26 2022 Amber Zola
41%
38 2022 Un jour je marierai un ange Pierre de Maere
40%
13 2017 Sign of the times Harry Styles
38%
34 2012 Impossible James Arthur
36%
5 2020 Amour censure Hoshi
35%
28 2021 Mon soleil Dadju
34%
10 2005 Hung up Madonna
34%
43 2007 No one Alicia Keys
32%
18 2021 Mona Lisa Booba
30%
7 2017 Wolves Selena Gomez
30%
37 2015 Stitches Shawn Mendes
30%
41 2020 Savage love Jason Derulo
29%
19 2005 4 mots sur un piano Patrick Fiori
29%
35 2018 Idgaf Dua Lipa
21%
30 2001 Je serai Lorie
21%
17 2019 Soleil Roméo Elvis
21%
25 2017 Sorry not sorry Demi Lovato
17%
15 2018 Let me down slowly Alec Benjamin
15%
20 2021 Un homme Jeremy Frerot
12%
24 2018 La cintura Alvaro Soler
11%
40 2018 Milano Soolking
10%
12 2022 Snap Rosa Linn
7%
44 2019 Falling Trevor Daniel
7%
Aucun quiz correspondant
Distribution des résultats
% des personnes avec chaque résultat
Percentile par nombre de réponses
Votre historique - résultats
Vous n’avez pas pris ce quiz depuis la dernière actualisation